KOHA-Header-6

Trust In Organizations (Record no. 7751)

000 -LEADER
fixed length control field 00261nam a2200109Ia 4500
100 ## - MAIN ENTRY--AUTHOR NAME
Personal name Kramer , Tyler
245 #0 - TITLE STATEMENT
Title Trust In Organizations
260 ## - PUBLICATION, DISTRIBUTION, ETC. (IMPRINT)
Place of publication London
Name of publisher Prentice Hall
Year of publication 1996
300 ## - PHYSICAL DESCRIPTION
Number of Pages 429
942 ## - ADDED ENTRY ELEMENTS (KOHA)
Koha item type Books
Holdings
Withdrawn status Lost status Permanent Location Current Location Date acquired Full call number Accession Number Koha item type
    MAJU MAJU 2019-09-12 954.035 1832 Books

Powered by Koha